[Event "NATO-ch 32nd"]
[Site "Tartu"]
[Date "2022.06.30"]
[Round "5"]
[White "Choina, Michal"]
[Black "Mouroutis, Konstantinos"]
[Result "0-1"]
[WhiteElo "1927"]
[BlackElo "2133"]
[PlyCount "68"]
[EventDate "2022.06.27"]
[EventType "swiss"]
[EventRounds "7"]
[EventCountry "EST"]
[SourceTitle "CBM 209 Extra"]
[Source "ChessBase"]
[SourceDate "2022.09.30"]
[SourceVersion "1"]
[SourceVersionDate "2022.09.30"]
[SourceQuality "1"]

1. e4 c6 2. d4 d5 3. Nc3 dxe4 4. Nxe4 Bf5 5. Ng3 Bg6 6. h4 h5 7. Nf3 Nd7 8. Bd3 Bxd3 9. Qxd3 e6 10. Ne4 Ngf6 11. Nfg5 Nxe4 12. Nxe4 Nf6 13. Nxf6+ gxf6 14. Qe4 Rg8 15. Be3 Rg4 16. Qf3 f5 17. g3 Qa5+ 18. c3 Be7 19. a4 0-0-0 20. b4 Qc7 21. Bf4 Bd6 22. Bxd6 Qxd6 23. Rb1 f4 24. gxf4 f5 25. Rb2 Rdg8 26. Re2 a5 27. Qe3 Kd7 28. Rb2 axb4 29. Rxb4 Rxf4 30. f3 Rg3 31. Rf1 Kc7 32. a5 Re4 33. Qxe4 fxe4 34. fxe4 Rg7 0-1

[Event "NATO-ch 32nd"]
[Site "Tartu"]
[Date "2022.06.27"]
[Round "1"]
[White "Van den Heuvel, Tonnie"]
[Black "Mouroutis, Konstantinos"]
[Result "0-1"]
[WhiteElo "1799"]
[BlackElo "2133"]
[PlyCount "76"]
[EventDate "2022.06.27"]
[EventType "swiss"]
[EventRounds "7"]
[EventCountry "EST"]
[SourceTitle "EXT 2023"]
[Source "ChessBase"]
[SourceDate "2022.10.05"]
[SourceVersion "1"]
[SourceVersionDate "2022.10.05"]
[SourceQuality "1"]

1. b3 d5 2. Bb2 Nf6 3. e3 Bf5 4. d4 e6 5. Nf3 Nbd7 6. Be2 Bd6 7. 0-0 Ne4 8. Nbd2 Qf6 9. c4 c6 10. cxd5 exd5 11. Nxe4 dxe4 12. Nd2 Qh6 13. g3 Bh3 14. Nxe4 Bxf1 15. Nxd6+ Qxd6 16. Bxf1 0-0 17. Bd3 Qh6 18. Rc1 Rad8 19. Qf3 Ne5 20. Bxh7+ Qxh7 21. dxe5 Rd2 22. Ba3 Re8 23. Qg4 Qg6 24. Qxg6 fxg6 25. Bd6 Rxa2 26. b4 a5 27. bxa5 Rxa5 28. f4 Ra2 29. h4 Rea8 30. Rb1 Ra1 31. Rxa1 Rxa1+ 32. Kf2 Ra2+ 33. Kf3 b5 34. Kg4 Re2 35. Kf3 Rc2 36. Ke4 b4 37. Kd3 b3 38. Ba3 c5 0-1

[Event "GRE-chT Online ED & SA 2nd"]
[Site "Tornelo INT"]
[Date "2022.05.15"]
[Round "7"]
[White "Mouroutis, Konstantinos"]
[Black "Seferis, Georgios"]
[Result "1/2-1/2"]
[WhiteElo "2161"]
[BlackElo "1657"]
[PlyCount "74"]
[EventDate "2022.05.14"]
[EventType "team-swiss (rapid)"]
[EventRounds "7"]
[EventCountry "GRE"]
[SourceTitle "EXT 2024"]
[Source "ChessBase"]
[SourceDate "2023.10.10"]
[SourceVersion "1"]
[SourceVersionDate "2023.10.10"]
[SourceQuality "1"]

1. d4 d5 2. Bg5 c6 3. c3 Qb6 4. Qc2 g6 5. Nd2 Bf5 6. Qc1 Bg7 7. f3 h6 8. Bh4 g5 9. Bf2 Nf6 10. h4 g4 11. h5 Nbd7 12. Rh4 Qc7 13. e4 g3 14. Be3 dxe4 15. fxe4 Ng4 16. Nc4 Bf6 17. Bf4 e5 18. exf5 exf4 19. Rxg4 Bg5 20. Nf3 Nf6 21. Nxg5 Nxg4 22. Ne4 0-0-0 23. Be2 Rhg8 24. Qc2 b5 25. Bxg4 Rxg4 26. Ne5 Rgg8 27. 0-0-0 Rge8 28. Qb3 a6 29. Nf6 Rxe5 30. dxe5 Rxd1+ 31. Qxd1 Qxe5 32. Qd7+ Kb8 33. Qxc6 Qe1+ 34. Kc2 Qe2+ 35. Kc1 Qe1+ 36. Kc2 Qe2+ 37. Kc1 Qe1+ 1/2-1/2

[Event "GRE-chT Online ED & SA 2nd"]
[Site "Tornelo INT"]
[Date "2022.05.15"]
[Round "5"]
[White "Mouroutis, Konstantinos"]
[Black "Zachos, Leonidas"]
[Result "1-0"]
[WhiteElo "2161"]
[BlackElo "1090"]
[PlyCount "111"]
[EventDate "2022.05.14"]
[EventType "team-swiss (rapid)"]
[EventRounds "7"]
[EventCountry "GRE"]
[SourceTitle "EXT 2024"]
[Source "ChessBase"]
[SourceDate "2023.10.10"]
[SourceVersion "1"]
[SourceVersionDate "2023.10.10"]
[SourceQuality "1"]

1. d4 Nf6 2. Bg5 e6 3. e4 h6 4. Bxf6 Qxf6 5. Nf3 b6 6. Nbd2 Bb7 7. Bd3 d5 8. e5 Qd8 9. c3 Nd7 10. 0-0 Be7 11. h3 0-0 12. Nh2 c5 13. f4 f6 14. Bg6 fxe5 15. fxe5 Ba6 16. Rxf8+ Nxf8 17. Bc2 cxd4 18. cxd4 Rc8 19. Rc1 Nh7 20. Ndf3 Ng5 21. Bb1 Rc7 22. Rc3 Nxf3+ 23. Nxf3 Bb4 24. Rxc7 Qxc7 25. Kh2 Qf7 26. Kg3 g5 27. Qc1 Be2 28. a3 Be7 29. Kf2 Bxf3 30. gxf3 h5 31. Qc2 g4 32. Qg6+ Qxg6 33. Bxg6 gxf3 34. Bxh5 Bg5 35. b3 a5 36. Kxf3 a4 37. bxa4 Bc1 38. Ke2 Bxa3 39. Kd2 Be7 40. Kc3 Kg7 41. Kd3 Bb4 42. Ke3 Be7 43. Kf4 Bb4 44. Kf3 Bd2 45. Ke2 Bc3 46. Kd3 Bb4 47. Be8 Kf8 48. Bd7 Ke7 49. Bc8 Be1 50. Ke2 Bb4 51. h4 Ba3 52. Kd2 Bb4+ 53. Kc2 Be1 54. h5 Bf2 55. Kd3 Bh4 56. h6 1-0

[Event "NATO-ch 31st"]
[Site "Blankenberge"]
[Date "2021.10.15"]
[Round "7.14"]
[White "Mouroutis, Konstantinos"]
[Black "Nilsson, Erik"]
[Result "1/2-1/2"]
[WhiteElo "2124"]
[BlackElo "1989"]
[PlyCount "37"]
[EventDate "2021.10.11"]
[EventType "team-swiss"]
[EventRounds "7"]
[EventCountry "BEL"]
[SourceTitle "CBM 204 Extra"]
[Source "ChessBase"]
[SourceDate "2021.11.30"]
[SourceVersion "1"]
[SourceVersionDate "2021.11.30"]
[SourceQuality "1"]
[WhiteTeam "Greece"]
[BlackTeam "Denmark"]
[WhiteTeamCountry "GRE"]
[BlackTeamCountry "DEN"]

1. d4 d5 2. Bf4 Nf6 3. e3 e6 4. Bd3 c5 5. c3 Bd6 6. Bg3 0-0 7. Nd2 Qc7 8. Ngf3 Nbd7 9. 0-0 e5 10. dxe5 Nxe5 11. Nxe5 Bxe5 12. Bxe5 Qxe5 13. Nf3 Qe7 14. Qc2 b6 15. Qa4 Ne4 16. Bxe4 dxe4 17. Nd2 Bf5 18. b4 Rfd8 19. Nb3 1/2-1/2

[Event "NATO-ch 31st"]
[Site "Blankenberge"]
[Date "2021.10.14"]
[Round "6.16"]
[White "Ermalis, Rytis"]
[Black "Mouroutis, Konstantinos"]
[Result "1/2-1/2"]
[WhiteElo "1931"]
[BlackElo "2124"]
[PlyCount "50"]
[EventDate "2021.10.11"]
[EventType "team-swiss"]
[EventRounds "7"]
[EventCountry "BEL"]
[SourceTitle "CBM 204 Extra"]
[Source "ChessBase"]
[SourceDate "2021.11.30"]
[SourceVersion "1"]
[SourceVersionDate "2021.11.30"]
[SourceQuality "1"]
[WhiteTeam "Lithuania"]
[BlackTeam "Greece"]
[WhiteTeamCountry "LTU"]
[BlackTeamCountry "GRE"]

1. c4 c6 2. e4 d5 3. exd5 cxd5 4. d4 e6 5. Nf3 Nf6 6. Nc3 Nc6 7. Bg5 Be7 8. Be2 dxc4 9. Bxc4 a6 10. 0-0 b5 11. Bb3 0-0 12. Re1 Bb7 13. a3 Qb6 14. d5 Rad8 15. Qe2 Na5 16. Ba2 Bxd5 17. Bxd5 Rxd5 18. Nxd5 Nxd5 19. Bxe7 Nxe7 20. Ne5 Qb7 21. Rac1 Nd5 22. Red1 Nb3 23. Rc2 a5 24. Qe4 a4 25. Nd3 Qe7 1/2-1/2

[Event "NATO-ch 31st"]
[Site "Blankenberge"]
[Date "2021.10.11"]
[Round "1.22"]
[White "Mouroutis, Konstantinos"]
[Black "Giedraitis, Mingaudas"]
[Result "1-0"]
[WhiteElo "2124"]
[BlackElo "1826"]
[PlyCount "79"]
[EventDate "2021.10.11"]
[EventType "team-swiss"]
[EventRounds "7"]
[EventCountry "BEL"]
[SourceTitle "CBM 204 Extra"]
[Source "ChessBase"]
[SourceDate "2021.11.30"]
[SourceVersion "1"]
[SourceVersionDate "2021.11.30"]
[SourceQuality "1"]
[WhiteTeam "Greece"]
[BlackTeam "Lithuania"]
[WhiteTeamCountry "GRE"]
[BlackTeamCountry "LTU"]

1. d4 d5 2. Bg5 c6 3. e3 Qb6 4. Nd2 Qxb2 5. Bd3 Nd7 6. Ngf3 Ngf6 7. 0-0 e6 8. c4 Qb6 9. Qc2 Be7 10. Ne5 h6 11. Bh4 0-0 12. f4 c5 13. Nxd7 Bxd7 14. Rab1 Qc7 15. cxd5 Nxd5 16. Bxe7 Nxe7 17. Be4 Nd5 18. Bxd5 exd5 19. Qxc5 Qxc5 20. dxc5 Bc6 21. Nf3 Rfe8 22. Kf2 Re7 23. Nd4 g6 24. Rfc1 Rae8 25. Rc3 f5 26. Ra3 a5 27. Rb6 Re4 28. g3 Rxd4 29. exd4 Re4 30. Rxa5 Rxd4 31. Ra8+ Kf7 32. Ra7 Kf8 33. a4 Rc4 34. Ke3 Rxc5 35. a5 Rc4 36. Kd3 Ba4 37. Rbxb7 Be8 38. Rb8 Ra4 39. Raa8 Re4 40. Rxe8+ 1-0

[Event "GRE-chT 48th"]
[Site "Athens"]
[Date "2021.09.11"]
[Round "6.7"]
[White "Georgiou, Kostantinos"]
[Black "Mouroutis, Konstantinos"]
[Result "1-0"]
[WhiteElo "2255"]
[BlackElo "2161"]
[PlyCount "69"]
[EventDate "2021.09.07"]
[EventType "team-swiss"]
[EventRounds "7"]
[EventCountry "GRE"]
[SourceTitle "CBM 204 Extra"]
[Source "ChessBase"]
[SourceDate "2021.11.30"]
[SourceVersion "1"]
[SourceVersionDate "2021.11.30"]
[SourceQuality "1"]
[WhiteTeam "Panellinios GS"]
[BlackTeam "Ykaryas"]
[WhiteTeamCountry "GRE"]
[BlackTeamCountry "GRE"]

1. c4 e6 2. d4 d5 3. g3 Nf6 4. Bg2 Be7 5. Nf3 0-0 6. 0-0 Nbd7 7. Qc2 c6 8. Nbd2 Re8 9. Rd1 b6 10. e4 dxe4 11. Nxe4 Bb7 12. Bf4 Nxe4 13. Qxe4 Rc8 14. h4 Nf6 15. Qe2 Bd6 16. Ne5 Qc7 17. c5 bxc5 18. dxc5 Bxc5 19. Ng4 e5 20. Nxf6+ gxf6 21. Qg4+ Kh8 22. Rd7 Bxf2+ 23. Kh1 Rg8 24. Qf5 Qxd7 25. Qxd7 Ba6 26. Bf1 exf4 27. Bxa6 Rce8 28. Qxf7 Ref8 29. Qe7 fxg3 30. Kg2 Bd4 31. Rd1 c5 32. Rxd4 cxd4 33. Bc4 Re8 34. Qxf6+ Rg7 35. h5 1-0

[Event "GRE Armed Forces-ch"]
[Site "Attica"]
[Date "2019.12.04"]
[Round "7.2"]
[White "Mouroutis, Konstantinos"]
[Black "Nikomanis, Andreas"]
[Result "1-0"]
[WhiteElo "2154"]
[BlackElo "2043"]
[PlyCount "37"]
[EventDate "2019.12.02"]
[EventType "swiss"]
[EventRounds "9"]
[EventCountry "GRE"]
[SourceTitle "EXT 2024"]
[Source "ChessBase"]
[SourceDate "2023.10.10"]
[SourceVersion "1"]
[SourceVersionDate "2023.10.10"]
[SourceQuality "1"]

1. d4 Nf6 2. Bg5 d5 3. Nd2 Nbd7 4. Ngf3 g6 5. e3 Bg7 6. Bd3 0-0 7. 0-0 c5 8. c3 b6 9. Qe2 Bb7 10. Rfd1 h6 11. Bh4 Nh5 12. g4 Nhf6 13. Ne5 Nxe5 14. dxe5 Nh7 15. e6 fxe6 16. Bxg6 e5 17. g5 e6 18. Bxh7+ Kxh7 19. g6+ 1-0

[Event "GRE Armed Forces-ch"]
[Site "Attica"]
[Date "2019.12.03"]
[Round "4.1"]
[White "Papasimakopoulos, Alexandros"]
[Black "Mouroutis, Konstantinos"]
[Result "1-0"]
[WhiteElo "2399"]
[BlackElo "2154"]
[PlyCount "115"]
[EventDate "2019.12.02"]
[EventType "swiss"]
[EventRounds "9"]
[EventCountry "GRE"]
[SourceTitle "EXT 2024"]
[Source "ChessBase"]
[SourceDate "2023.10.10"]
[SourceVersion "1"]
[SourceVersionDate "2023.10.10"]
[SourceQuality "1"]

1. d4 Nf6 2. c4 d6 3. Nf3 Nbd7 4. Nc3 e5 5. Bg5 Be7 6. e3 0-0 7. Qc2 c6 8. Bd3 h6 9. Bh4 Nh5 10. Bxe7 Qxe7 11. 0-0-0 g6 12. g4 Nhf6 13. g5 hxg5 14. Nxg5 d5 15. f3 exd4 16. exd4 dxc4 17. Bxc4 Qe3+ 18. Qd2 Qxd2+ 19. Rxd2 Nb6 20. Bb3 Nbd5 21. h4 Kg7 22. Nxd5 cxd5 23. Re2 Bf5 24. Re7 b5 25. Kd2 a5 26. Rhe1 a4 27. Bc2 Bxc2 28. Ne6+ Kg8 29. Nxf8 Bf5 30. Nxg6 Bxg6 31. Rb7 Rc8 32. Rc1 Rxc1 33. Kxc1 Bd3 34. b3 axb3 35. axb3 Kg7 36. Kd2 Bf1 37. Ra7 Nh5 38. Ra1 Bh3 39. Ke3 f5 40. Ra7+ Kg6 41. Rb7 Bf1 42. Rb6+ Kf7 43. Rd6 f4+ 44. Kf2 Bd3 45. Rxd5 Ng3 46. h5 Kg7 47. Re5 Kh6 48. d5 Nxh5 49. d6 Nf6 50. Rd5 Bc2 51. b4 Nd7 52. Rxb5 Kg6 53. Rb7 Bf5 54. b5 Kf6 55. b6 Nxb6 56. Rxb6 Ke6 57. d7+ Kxd7 58. Rb4 1-0

[Event "NATO-ch 30th"]
[Site "Berlin"]
[Date "2019.09.18"]
[Round "4.1"]
[White "Mouroutis, Konstantinos"]
[Black "Binder, Tamas"]
[Result "1/2-1/2"]
[WhiteElo "2181"]
[BlackElo "2261"]
[PlyCount "41"]
[EventDate "2019.09.14"]
[EventType "team-swiss"]
[EventRounds "7"]
[EventCountry "GER"]
[SourceTitle "EXT 2020"]
[Source "ChessBase"]
[SourceDate "2019.10.17"]
[SourceVersion "1"]
[SourceVersionDate "2019.10.17"]
[SourceQuality "1"]
[WhiteTeam "Greece"]
[BlackTeam "Hungary"]
[WhiteTeamCountry "GRE"]
[BlackTeamCountry "HUN"]

1. d4 d5 2. Bf4 c5 3. e3 e6 4. c3 Nf6 5. Nd2 Nc6 6. Bd3 Bd6 7. Bxd6 Qxd6 8. Ngf3 0-0 9. 0-0 e5 10. dxe5 Nxe5 11. Nxe5 Qxe5 12. Nf3 Qc7 13. h3 b6 14. Qa4 Bd7 15. Qh4 Bc6 16. Rad1 Rfe8 17. Rfe1 Rad8 18. Nh2 h6 19. Ng4 Nxg4 20. Qxg4 Qd7 21. Qxd7 1/2-1/2

[Event "Aegean op 41st"]
[Site "Aghios Kirykos"]
[Date "2018.07.20"]
[Round "6"]
[White "Velicka, Petr"]
[Black "Mouroutis, Konstantinos"]
[Result "1-0"]
[WhiteElo "2425"]
[BlackElo "2181"]
[PlyCount "61"]
[EventDate "2018.07.16"]
[EventType "swiss"]
[EventRounds "9"]
[EventCountry "GRE"]
[SourceTitle "CBM 186 Extra"]
[Source "ChessBase"]
[SourceDate "2018.08.24"]
[SourceVersion "1"]
[SourceVersionDate "2018.08.24"]
[SourceQuality "1"]

1. e4 c5 2. Nf3 Nc6 3. Bb5 Nf6 4. Bxc6 dxc6 5. d3 Qc7 6. b3 Bg4 7. Nbd2 e6 8. h3 Bxf3 9. Nxf3 0-0-0 10. Qe2 Nd7 11. Bb2 Qa5+ 12. Nd2 Be7 13. 0-0 e5 14. Nc4 Qc7 15. Qg4 Bf6 16. f4 h5 17. Qf3 exf4 18. Bxf6 Nxf6 19. Qxf4 Qxf4 20. Rxf4 Rhf8 21. Raf1 b5 22. Ne3 Rfe8 23. Nf5 g5 24. R4f2 c4 25. bxc4 bxc4 26. Ng7 Rg8 27. Rxf6 Rxg7 28. Rxc6+ Kd7 29. Rxc4 Rc8 30. Rxc8 Kxc8 31. Rf6 1-0

[Event "NATO-ch 29th"]
[Site "Lubbock"]
[Date "2018.06.08"]
[Round "7"]
[White "Aagaard, Gert"]
[Black "Mouroutis, Konstantinos"]
[Result "0-1"]
[WhiteElo "2042"]
[BlackElo "2205"]
[PlyCount "79"]
[EventDate "2018.06.04"]
[EventType "swiss"]
[EventRounds "7"]
[EventCountry "USA"]
[SourceTitle "EXT 2019"]
[Source "ChessBase"]
[SourceDate "2018.10.10"]
[SourceVersion "1"]
[SourceVersionDate "2018.10.10"]
[SourceQuality "1"]

1. d4 d5 2. c4 dxc4 3. Nf3 e6 4. e3 b5 5. a4 c6 6. axb5 cxb5 7. b3 Bb4+ 8. Bd2 Bxd2+ 9. Nfxd2 a5 10. bxc4 b4 11. Bd3 Nf6 12. 0-0 Bb7 13. f4 0-0 14. Qe1 Nbd7 15. Nf3 Nc5 16. Bc2 Nce4 17. Ne5 Nd7 18. Nd2 Nxd2 19. Qxd2 f5 20. Nf3 Nf6 21. Ne5 Ne4 22. Qe1 Qc7 23. Rf3 Qe7 24. g4 fxg4 25. Nxg4 Ng5 26. Rg3 Nf3+ 27. Rxf3 Bxf3 28. Ne5 Bb7 29. Qg3 Rf6 30. Qh4 g6 31. Ng4 Rf7 32. Qh3 Rf5 33. Bxf5 exf5 34. Ne5 Be4 35. d5 b3 36. Nc6 Qc5 37. Kf2 b2 38. Qf1 bxa1Q 39. Qxa1 Qf8 40. Ne5 0-1

[Event "NATO-ch 29th"]
[Site "Lubbock"]
[Date "2018.06.06"]
[Round "4"]
[White "Mouroutis, Konstantinos"]
[Black "Portman, Carl S"]
[Result "1/2-1/2"]
[WhiteElo "2205"]
[BlackElo "1886"]
[PlyCount "114"]
[EventDate "2018.06.04"]
[EventType "swiss"]
[EventRounds "7"]
[EventCountry "USA"]
[SourceTitle "EXT 2019"]
[Source "ChessBase"]
[SourceDate "2018.10.10"]
[SourceVersion "1"]
[SourceVersionDate "2018.10.10"]
[SourceQuality "1"]

1. d4 d5 2. Nf3 Nf6 3. Bf4 e6 4. e3 c5 5. c3 Nc6 6. Nbd2 cxd4 7. exd4 Be7 8. Bd3 Nh5 9. Be3 Nf6 10. Ne5 Bd6 11. f4 Bd7 12. 0-0 Qe7 13. a4 h5 14. h3 h4 15. b4 Nh5 16. Ng6 fxg6 17. Bxg6+ Kd8 18. Bxh5 Qf6 19. Bg4 Ne7 20. Qb3 Nf5 21. Bxf5 Qxf5 22. c4 Rh6 23. c5 Bc7 24. b5 Ke7 25. Qb1 Rf8 26. Nb3 Rg6 27. Qxf5 Rxf5 28. Nc1 Rh5 29. Kf2 Rg3 30. Ne2 Rg6 31. Rfb1 Rf5 32. a5 e5 33. b6 axb6 34. axb6 exf4 35. Bd2 f3 36. gxf3 Bg3+ 37. Nxg3 Rxg3 38. Re1+ Kf7 39. Re3 Rxh3 40. Ke2 Bb5+ 41. Kd1 Rhxf3 42. Ra8 Rxe3 43. Bxe3 h3 44. Rh8 Rf3 45. Kd2 Rg3 46. Bf2 Rf3 47. Be3 Kg6 48. Rh4 Kf7 49. Rf4+ Rxf4 50. Bxf4 Ke6 51. Be5 Kf5 52. Ke3 Kg4 53. Kf2 g6 54. Bd6 Bd7 55. Bc7 Kf5 56. Kg3 Ke4 57. Be5 Ke3 1/2-1/2

[Event "Aegean op 40th"]
[Site "Aghios Kirykos"]
[Date "2017.07.12"]
[Round "5"]
[White "Todorov, Todor"]
[Black "Mouroutis, Konstantinos"]
[Result "1-0"]
[WhiteElo "2473"]
[BlackElo "2175"]
[PlyCount "99"]
[EventDate "2017.07.09"]
[EventType "swiss"]
[EventRounds "9"]
[EventCountry "GRE"]
[SourceTitle "EXT 2018"]
[Source "ChessBase"]
[SourceDate "2017.10.13"]
[SourceVersion "1"]
[SourceVersionDate "2017.10.13"]
[SourceQuality "1"]

1. e4 c5 2. Nf3 Nc6 3. Bb5 g6 4. c3 Bg7 5. d4 cxd4 6. cxd4 Qb6 7. Nc3 e6 8. Bxc6 bxc6 9. 0-0 Nf6 10. b3 Ba6 11. Re1 d5 12. e5 Nd7 13. Na4 Qb7 14. Ba3 Bf8 15. Bxf8 Kxf8 16. Rc1 Kg7 17. Qd2 Rhc8 18. h4 Bb5 19. Nc5 Nxc5 20. Rxc5 a5 21. Qg5 Ra7 22. Rec1 h6 23. Qf6+ Kh7 24. R1c3 Be2 25. h5 gxh5 26. Re3 Bxf3 27. Rxf3 Rg8 28. Rcc3 Rg6 29. Qh4 a4 30. Rf6 axb3 31. Rxb3 Qc8 32. Qxh5 Qg8 33. Rg3 Rxa2 34. Rgxg6 fxg6 35. Qh3 Ra7 36. Rxe6 Rc7 37. f4 Rf7 38. Rd6 Rxf4 39. Rd7+ Rf7 40. e6 Rg7 41. e7 Qe8 42. Qe6 h5 43. Rb7 Rf7 44. Qe5 Rg7 45. Kh1 g5 46. Qf5+ Kg8 47. Rc7 Rf7 48. Rc8 Rxf5 49. Rxe8+ Kg7 50. Rd8 1-0

[Event "Aegean op 39th"]
[Site "Aghios Kirykos"]
[Date "2016.07.14"]
[Round "5"]
[White "Lekic, Dusan"]
[Black "Mouroutis, Konstantinos"]
[Result "1-0"]
[WhiteElo "2374"]
[BlackElo "2176"]
[PlyCount "81"]
[EventDate "2016.07.11"]
[EventType "swiss"]
[EventRounds "9"]
[EventCountry "GRE"]
[SourceTitle "CBM 173 Extra"]
[Source "ChessBase"]
[SourceDate "2016.08.29"]
[SourceVersion "1"]
[SourceVersionDate "2016.08.29"]
[SourceQuality "1"]

1. Nf3 Nf6 2. g3 b5 3. Bg2 Bb7 4. 0-0 c5 5. c3 Qb6 6. a4 a6 7. d4 c4 8. b3 e6 9. bxc4 bxc4 10. Nbd2 d5 11. Ne5 Ra7 12. Qc2 Be7 13. e4 Nxe4 14. Nxe4 dxe4 15. Bxe4 Bxe4 16. Qxe4 Nd7 17. Rb1 Qc7 18. Nxd7 Qxd7 19. Rb8+ Bd8 20. Ba3 f5 21. Qe2 Qd5 22. Rfb1 Kf7 23. Rc8 Rb7 24. Rxb7+ Qxb7 25. Qxc4 Qb1+ 26. Qf1 Qb3 27. Bb4 Qxa4 28. Ra8 a5 29. Bxa5 Bxa5 30. Rxh8 Bxc3 31. d5 exd5 32. Qd3 Qa1+ 33. Kg2 Ke6 34. Re8+ Kf7 35. Rc8 Bf6 36. Qxf5 Qe5 37. Qxh7 d4 38. Qg8+ Kg6 39. Qe8+ Kf5 40. Qxe5+ Kxe5 41. Kf3 1-0

[Event "Aegean op 39th"]
[Site "Aghios Kirykos"]
[Date "2016.07.12"]
[Round "2"]
[White "Mouroutis, Konstantinos"]
[Black "Kapagiannidis, Konstantinos"]
[Result "1-0"]
[WhiteElo "2176"]
[BlackElo "1724"]
[PlyCount "121"]
[EventDate "2016.07.11"]
[EventType "swiss"]
[EventRounds "9"]
[EventCountry "GRE"]
[SourceTitle "EXT 2017"]
[Source "ChessBase"]
[SourceDate "2016.10.25"]
[SourceVersion "1"]
[SourceVersionDate "2016.10.25"]
[SourceQuality "1"]

1. d4 d5 2. Nf3 Nf6 3. Bf4 c6 4. e3 g6 5. Nbd2 Bg7 6. Bd3 Nbd7 7. h4 0-0 8. Qe2 c5 9. c3 c4 10. Bc2 b5 11. e4 dxe4 12. Nxe4 Bb7 13. Ne5 Nxe4 14. Bxe4 Bxe4 15. Qxe4 Nxe5 16. Bxe5 f6 17. Bg3 e5 18. dxe5 fxe5 19. h5 Qe8 20. 0-0-0 Rd8 21. f3 Bh6+ 22. Kc2 Rxd1 23. Rxd1 Bf4 24. Qd5+ Rf7 25. hxg6 hxg6 26. Bh4 g5 27. Bf2 g4 28. fxg4 Kg7 29. g3 Bg5 30. Bc5 a6 31. a4 Rf6 32. Qe4 Qg6 33. Rd7+ Kh6 34. Qxg6+ Kxg6 35. axb5 axb5 36. Rd5 Rf1 37. b3 Rc1+ 38. Kb2 Re1 39. Bd6 Bf6 40. Rxb5 cxb3 41. Kxb3 e4 42. Kc4 Rd1 43. Be5 Bg5 44. Rb6+ Kf7 45. Rb7+ Ke6 46. Bf4 Bxf4 47. gxf4 e3 48. f5+ Kf6 49. Rb6+ Kg5 50. Re6 Kxg4 51. f6 Rf1 52. Rxe3 Rxf6 53. Kb5 Rf1 54. c4 Rb1+ 55. Kc6 Kf5 56. c5 Kf6 57. Kc7 Rc1 58. c6 Rc2 59. Kb7 Rb2+ 60. Kc8 Rc2 61. c7 1-0

[Event "Aegean op 39th"]
[Site "Aghios Kirykos"]
[Date "2016.07.11"]
[Round "1"]
[White "Saykan, Ahmet"]
[Black "Mouroutis, Konstantinos"]
[Result "0-1"]
[WhiteElo "1643"]
[BlackElo "2176"]
[PlyCount "76"]
[EventDate "2016.07.11"]
[EventType "swiss"]
[EventRounds "9"]
[EventCountry "GRE"]
[SourceTitle "EXT 2017"]
[Source "ChessBase"]
[SourceDate "2016.10.25"]
[SourceVersion "1"]
[SourceVersionDate "2016.10.25"]
[SourceQuality "1"]

1. d4 Nf6 2. c4 e5 3. d5 Bc5 4. e3 d6 5. Nc3 0-0 6. Bd3 Qe7 7. f3 Nh5 8. Qe2 f5 9. Bd2 Qh4+ 10. Qf2 Qxf2+ 11. Kxf2 e4 12. Bc2 exf3 13. Nxf3 f4 14. Na4 fxe3+ 15. Bxe3 Bxe3+ 16. Kxe3 Bg4 17. Rhe1 Nf4 18. Rg1 Nxg2+ 19. Rxg2 Rxf3+ 20. Kd2 Bd7 21. Rag1 Rf7 22. h4 Na6 23. a3 Raf8 24. Ke2 Bh3 25. Rg3 Bf1+ 26. Kd2 Bxc4 27. Nc3 Nc5 28. b4 Rf2+ 29. Kd1 Rf1+ 30. Kd2 Rxg1 31. Rxg1 Rf2+ 32. Kd1 Nd3 33. Bxd3 Bxd3 34. Rg3 Bc4 35. h5 h6 36. Re3 Kf7 37. Ke1 Rf5 38. Rh3 Bxd5 0-1

[Event "GRE-chT 43rd"]
[Site "Porto Rio"]
[Date "2015.10.08"]
[Round "1.9"]
[White "Mouroutis, Konstantinos"]
[Black "Papadakis, Michalis"]
[Result "1/2-1/2"]
[WhiteElo "2169"]
[BlackElo "2227"]
[PlyCount "85"]
[EventDate "2015.10.08"]
[EventType "team-swiss"]
[EventRounds "7"]
[EventCountry "GRE"]
[SourceTitle "CBM 168 Extra"]
[Source "ChessBase"]
[SourceDate "2015.10.29"]
[SourceVersion "1"]
[SourceVersionDate "2015.10.29"]
[SourceQuality "1"]
[WhiteTeam "Ikarias Tzelepis"]
[BlackTeam "Heraklion"]
[WhiteTeamCountry "GRE"]
[BlackTeamCountry "GRE"]

1. d4 d5 2. Nf3 Nf6 3. Bf4 c5 4. e3 e6 5. c3 Nc6 6. Nbd2 Bd6 7. Bg3 0-0 8. Bd3 b6 9. Ne5 Bb7 10. f4 Ne7 11. Qf3 Nf5 12. Bf2 Be7 13. 0-0 Nd6 14. Rad1 Qc7 15. Qh3 Nfe4 16. Bh4 Bxh4 17. Qxh4 f6 18. Ng4 Rae8 19. Qh3 Qc8 20. Nf2 f5 21. Nfxe4 dxe4 22. Nc4 Rd8 23. Nxd6 Rxd6 24. Be2 Ba6 25. Qh5 cxd4 26. exd4 Rd7 27. a3 Bc4 28. Bxc4 Qxc4 29. Rde1 a5 30. Qe2 Qxe2 31. Rxe2 a4 32. Kf2 Rc8 33. Ke3 Kf7 34. Rd1 Ke7 35. Red2 Rd5 36. Rc1 b5 37. h3 Rd7 38. g4 g6 39. Rcd1 Rd5 40. Rh1 Rd7 41. Rhd1 Rd5 42. Rc1 Rd7 43. Rcd1 1/2-1/2

[Event "Aegean op 38th"]
[Site "Aghios Kirykos"]
[Date "2015.07.13"]
[Round "3"]
[White "Robulj, Nenad"]
[Black "Mouroutis, Konstantinos"]
[Result "1/2-1/2"]
[WhiteElo "2307"]
[BlackElo "2157"]
[PlyCount "48"]
[EventDate "2015.07.11"]
[EventType "swiss"]
[EventRounds "9"]
[EventCountry "GRE"]
[SourceTitle "CBM 167 Extra"]
[Source "ChessBase"]
[SourceDate "2015.09.14"]
[SourceVersion "1"]
[SourceVersionDate "2015.09.14"]
[SourceQuality "1"]

1. e4 d5 2. exd5 Nf6 3. Bb5+ Bd7 4. Bc4 Bg4 5. f3 Bf5 6. Nc3 Nbd7 7. Nge2 Nb6 8. d3 Nbxd5 9. Nxd5 Nxd5 10. Ng3 Bg6 11. 0-0 e6 12. f4 Nb6 13. Bb3 Qd4+ 14. Kh1 0-0-0 15. Qf3 Bc5 16. a4 a6 17. a5 Nd5 18. f5 exf5 19. Ne2 Qe5 20. d4 Bxd4 21. Nxd4 Qxd4 22. Rd1 Qe4 23. Qxe4 fxe4 24. Bxd5 c6 1/2-1/2

[Event "Isthmia op 4th"]
[Site "Vrachati"]
[Date "2014.08.24"]
[Round "8"]
[White "Malikentzos, Sotirios"]
[Black "Mouroutis, Konstantinos"]
[Result "1-0"]
[WhiteElo "2380"]
[BlackElo "2175"]
[PlyCount "35"]
[EventDate "2014.08.18"]
[EventType "swiss"]
[EventRounds "9"]
[EventCountry "GRE"]
[SourceTitle "CBM 161 Extra"]
[Source "ChessBase"]
[SourceDate "2014.08.29"]
[SourceVersion "1"]
[SourceVersionDate "2014.08.29"]
[SourceQuality "1"]

1. Nf3 Nf6 2. c4 e6 3. g3 d5 4. Bg2 dxc4 5. Qa4+ Nbd7 6. Qxc4 a6 7. Qb3 c5 8. a4 Bd6 9. Na3 Qc7 10. Nc4 b6 11. Nfe5 Nd5 12. Nxd7 Bxd7 13. e4 Bc6 14. exd5 exd5 15. Nxd6+ Qxd6 16. 0-0 0-0 17. d4 Rab8 18. Bf4 1-0